Guess the country from it's picture- difficult - Statistics

General Stats
  • This quiz has been taken 20 times
  • The average score is 4 of 14
Answer Stats
Picture Answer % Correct
Denmark
73%
Myanmar
60%
Kenya
47%
Nepal
47%
Colombia
33%
Oman
33%
Costa Rica
27%
Malta
27%
Tunisia
27%
Jamaica
20%
Uruguay
20%
Democratic republic of Congo
13%
Kazakhstan
13%
Romania
7%
No matching quizzes found
Score Distribution
Percent of People with Each Score
Percentile by Number Answered
Your Score History
You have not taken this quiz